000 00516nam a2200181Ia 4500
005 20250508160822.0
008 008 250505s9999 xx 000 0 eng d
037 _aTextual
040 _aFEDL
_beng
_cFEDL
041 _aeng
_2eng
084 _a371.95, OGI
_qFEDL
100 _aOgilvie Eric
_9769453
245 0 _aGifted children in primary schools
260 _aLondon, UK
_bMacmillan Education Limited
_c1973
300 _axvii,279p.
942 _cTEXL
_h371.95, OGI
999 _c1366795
_d1366795